| 000 | 01043nam a22002897a 4500 | ||
|---|---|---|---|
| 001 | 4660 | ||
| 003 | FISKH | ||
| 005 | 20240919105316.0 | ||
| 008 | 240919b cb ||||| |||| 00| 0 eng d | ||
| 020 | _a9780545488778 | ||
| 040 |
_aFISKH _beng _cFISKH _dFISKH |
||
| 082 | _2817.6 | ||
| 100 | _aL.Nancy, Ted | ||
| 245 |
_aLetter from a nut's family tree / _cTed L.Nancy |
||
| 250 | _aFirst printing in 2013 | ||
| 260 |
_aNew York : _bScholastic, _c2013. |
||
| 300 |
_a139 pages : _billustrations ; _c23cm |
||
| 505 | _aR | ||
| 520 | _aA collection of letters purportedly written by the author's ancestors, from Adam and Eve's crotchety neighbor Larry complaining about their apple crunching through a letter from Funyun T. Nancy II to the Metropolitan Museum of Art alleging that his giraffe looks like Leonardo Da Vinci. | ||
| 521 | 8 |
_a700L
_bLexile |
|
| 521 | 8 |
_aR
_bRaz-Plus |
|
| 650 |
_2Humor _aMystery |
||
| 650 |
_2Family _aNovel in letters |
||
| 700 |
_aMarder, Alan _dIllustrator |
||
| 942 |
_2ddc _cBK _n0 |
||
| 999 |
_c4660 _d4660 |
||